LEADER 02659nam0 2200517 i 450 001 VAN0113275 005 20230705094010.887 017 70$2N$a9783319120300 100 $a20180105d2015 |0itac50 ba 101 $aeng 102 $aCH 105 $a|||| ||||| 200 1 $aˆA ‰delicate balance: global perspectives on innovation and tradition in the history of mathematics$ea Festschrift in Honor of Joseph W. Dauben$fDavid E. Rowe, Wann-Sheng Horng editors 210 $a[Cham]$cBirkhauser$cSpringer$d2015 215 $aXIV, 428 p.$cill.$d24 cm 410 1$1001VAN0113276$12001 $aTrends in the history of science$1210 $aBerlin [etc.]$cSpringer 500 1$3VAN0234817$aˆA ‰delicate balance: global perspectives on innovation and tradition in the history of mathematics$92440530 606 $a03-XX$xMathematical logic and foundations [MSC 2020]$3VANC019750$2MF 606 $a01A70$xBiographies, obituaries, personalia, bibliographies [MSC 2020]$3VANC019752$2MF 606 $a00A30$xPhilosophy of mathematics [MSC 2020]$3VANC020829$2MF 606 $a01-XX$xHistory and biography [MSC 2020]$3VANC021469$2MF 606 $a00B30$xFestschriften [MSC 2020]$3VANC022532$2MF 606 $a01A05$xGeneral histories, source books [MSC 2020]$3VANC023741$2MF 606 $a00B15$xCollections of articles of miscellaneous specific interest [MSC 2020]$3VANC023985$2MF 610 $aFestschrift$9KW:K 610 $aGlobal perspectives$9KW:K 610 $aHistory of mathematics$9KW:K 610 $aJoseph W. Dauben$9KW:K 610 $aSet Theory$9KW:K 620 $aCH$dCham$3VANL001889 702 1$aDauben$bJoseph W.$3VANV025195 702 1$aHorng$bWann-Sheng$3VANV087402 702 1$aRowe$bDavid E.$3VANV042704 712 $aBirkhäuser $3VANV108193$4650 712 $aSpringer $3VANV108073$4650 790 1$aDauben, Joseph Warren$zDauben, Joseph W.$3VANV041281 790 1$aDauben, J.W.$zDauben, Joseph W.$3VANV061638 790 1$aDauben, J. W.$zDauben, Joseph W.$3VANV061639 801 $aIT$bSOL$c20240614$gRICA 856 4 $uhttp://dx.doi.org/10.1007/978-3-319-12030-0$zE-book ? Accesso al full-text attraverso riconoscimento IP di Ateneo, proxy e/o Shibboleth 899 $aBIBLIOTECA DEL DIPARTIMENTO DI MATEMATICA E FISICA$1IT-CE0120$2VAN08 912 $fN 912 $aVAN0113275 950 $aBIBLIOTECA DEL DIPARTIMENTO DI MATEMATICA E FISICA$d08CONS e-book 0048 $e08eMF48 20180105 996 $aDelicate balance: global perspectives on innovation and tradition in the history of mathematics$92440530 997 $aUNICAMPANIA LEADER 01790nam0 2200433 i 450 001 VAN00133242 005 20240806100838.999 017 70$2N$a9783642453847 100 $a20210407d2014 |0itac50 ba 101 $aeng 102 $aDE 105 $a|||| ||||| 200 1 $aLife and Death of the Stars$fGanesan Srinivasan 210 $aBerlin$cSpringer$d2014 215 $axvii, 225 p.$cill.$d24 cm 410 1$1001VAN00117860$12001 $aUndergraduate lecture notes in physics$1210 $aBerlin [etc.]$cSpringer 500 1$3VAN00157045$aLife and Death of the Stars$91770883 606 $a00A79 (77-XX)$xPhysics [MSC 2020]$3VANC023182$2MF 606 $a85-XX$xAstronomy and Astrophysics [MSC 2020]$3VANC023246$2MF 606 $a85A40$xCosmology [MSC 2020]$3VANC023267$2MF 610 $aBlack holes$9KW:K 610 $aChandrasekhar Limit$9KW:K 610 $aDeath of Stars$9KW:K 610 $aNature of Stars$9KW:K 610 $aNeutron Stars$9KW:K 610 $aQuantum physics$9KW:K 610 $aStellar Astrophysics for Undergraduates$9KW:K 610 $aWhite Dwarfs$9KW:K 620 $dBerlin$3VANL000066 700 1$aSrinivasan$bGanesan$3VANV106991$0792012 712 $aSpringer $3VANV108073$4650 801 $aIT$bSOL$c20250131$gRICA 856 4 $uhttp://doi.org/10.1007/978-3-642-45384-7$zE-book ? Accesso al full-text attraverso riconoscimento IP di Ateneo, proxy e/o Shibboleth 899 $aBIBLIOTECA DEL DIPARTIMENTO DI MATEMATICA E FISICA$1IT-CE0120$2VAN08 912 $fN 912 $aVAN00133242 950 $aBIBLIOTECA DEL DIPARTIMENTO DI MATEMATICA E FISICA$d08DLOAD e-book 2157 $e08eMF2157 20210407 996 $aLife and Death of the Stars$91770883 997 $aUNICAMPANIA